UM Logo

Peace and order campaign in Zone III Digos City/ (Record no. 1817)

MARC details
000 -LEADER
fixed length control field 00451nam a22001337a 4500
008 - FIXED-LENGTH DATA ELEMENTS--GENERAL INFORMATION
fixed length control field 160416b xxu||||| |||| 00| 0 eng d
082 ## - DEWEY DECIMAL CLASSIFICATION NUMBER
Edition number 2004
Classification number UT 0120
Item number G58
100 ## - MAIN ENTRY--PERSONAL NAME
9 (RLIN) 5769
Personal name Goleng, Jeremias C.
245 ## - TITLE STATEMENT
Title Peace and order campaign in Zone III Digos City/
Statement of responsibility, etc. Jeremias C. Goleng.
260 ## - PUBLICATION, DISTRIBUTION, ETC. (IMPRINT)
Place of publication, distribution, etc. Digos City:
Name of publisher, distributor, etc. UMDC
Date of publication, distribution, etc. March 2004.
300 ## - PHYSICAL DESCRIPTION
Extent 39 pages.
Dimensions 29 cm.
650 #0 - SUBJECT ADDED ENTRY--TOPICAL TERM
9 (RLIN) 5770
Topical term or geographic name as entry element Liberal Arts
Form subdivision Political Science
General subdivision Undergraduate thesis.
942 ## - ADDED ENTRY ELEMENTS (KOHA)
Source of classification or shelving scheme Dewey Decimal Classification
Koha item type Undergraduate Thesis
Holdings
Withdrawn status Lost status Source of classification or shelving scheme Damaged status Not for loan Collection code Home library Current library Date acquired Total Checkouts Full call number Barcode Date last seen Price effective from Koha item type
    Dewey Decimal Classification     Undergraduate Theses UM Digos College - LIC UM Digos College - LIC 04/16/2016   UT 0120 G58 2004 UT0120 04/16/2016 04/16/2016 Undergraduate Thesis